Statistics for South Park - I Can Change

Click here to take the quiz!

General Stats

  • This quiz has been taken 21 times
  • The average score is 132 of 200

Answer Stats

Answer% Correct
can
100%
change
100%
change?
100%
change!
100%
I
100%
me!
88%
me
88%
a
81%
be
81%
But
81%
but
81%
so
81%
as
75%
evil
75%
if
75%
i'm
75%
it!
75%
it
75%
my
75%
to
75%
you
75%
not
69%
Some
69%
that
69%
What
69%
what
69%
will
69%
abusive
63%
and
63%
it's
63%
little
63%
parents
63%
say
63%
see
63%
sometimes
63%
were
63%
bastard!
56%
dirty
56%
don't
56%
fault
56%
just
56%
Just
56%
kill
56%
made
56%
may
56%
might
56%
of
56%
people
56%
prick
56%
Satan
56%
society
56%
try
56%
again!
50%
again
50%
any
50%
butt
50%
fuck
50%
I'll
50%
i'll
50%
keep
50%
like
50%
now
50%
promises
50%
right
50%
swear
50%
they
50%
up
50%
bad
44%
been
44%
born
44%
changing!
44%
go
44%
guy
44%
heart
44%
hole?
44%
i've
44%
know
44%
learn
44%
maim
44%
minute
44%
on
44%
open
44%
share
44%
watch
44%
watch!
44%
'cause
38%
have
38%
okay
38%
yes
38%
here
31%
Hey
31%
mother
31%
remain
31%
shit
31%
such
31%
wont
31%
insane
25%
sandy
25%
show
25%
Teresa
25%
twit
25%
never
13%
sound
6%

Score Distribution

Percentile by Number Answered

Percent of People with Each Score

Your Score History

You have not taken this quiz